[Event "Las Vegas National op"]
[Site "Las Vegas"]
[Date "2023.06.16"]
[Round "5"]
[White "Xie, Bryan"]
[Black "Acor, Corey B"]
[Result "1-0"]
[WhiteElo "2353"]
[BlackElo "2216"]
[PlyCount "119"]
[EventDate "2023.06.14"]
[EventType "swiss"]
[EventRounds "9"]
[EventCountry "USA"]
[SourceTitle "CBM 214 Extra"]
[Source "ChessBase"]
[SourceDate "2023.07.31"]
[SourceVersion "1"]
[SourceVersionDate "2023.07.31"]
[SourceQuality "1"]

1. e4 e5 2. Nf3 Nc6 3. Bc4 Bc5 4. d3 Nf6 5. Bg5 h6 6. Bh4 d6 7. c3 Bb6 8. a4 Qe7 9. Nbd2 a6 10. Qe2 Be6 11. b4 g5 12. Bg3 a5 13. Bxe6 fxe6 14. b5 Nb8 15. Nc4 Nbd7 16. d4 exd4 17. Nxd4 e5 18. Nf5 Qf8 19. Rd1 Bc5 20. f3 Nh5 21. Bf2 Nf4 22. Qf1 Bxf2+ 23. Qxf2 d5 24. Nce3 dxe4 25. fxe4 0-0-0 26. g3 Nc5 27. gxf4 Rxd1+ 28. Kxd1 Qd8+ 29. Nd5 Nxe4 30. Nfe7+ Kb8 31. Qe3 Nf6 32. Qxe5 Nxd5 33. Nxd5 Re8 34. Qd4 Qd7 35. Nf6 Qh3 36. Nxe8 Qf3+ 37. Kc2 Qg2+ 38. Qd2 Qxh1 39. Qd8+ Ka7 40. Qd4+ Kb8 41. Qe5 Qxh2+ 42. Kb3 Qxf4 43. Qxf4 gxf4 44. Kc4 Kc8 45. Kd4 Kd7 46. Ng7 c6 47. Kc5 cxb5 48. Kxb5 f3 49. Nf5 f2 50. Ne3 Kd6 51. Kb6 h5 52. Kxb7 Ke5 53. Kb6 Ke4 54. Nf1 Kd3 55. Nh2 Ke4 56. c4 Kf4 57. c5 Kg3 58. Nf1+ Kg2 59. Nd2 h4 60. c6 1-0

[Event "Titled Tuesday intern op 7th Mar Early"]
[Site "Chess.com INT"]
[Date "2023.03.07"]
[Round "1"]
[White "Golubev, Mikhail"]
[Black "Acor, Corey B"]
[Result "0-1"]
[WhiteElo "2461"]
[BlackElo "2228"]
[PlyCount "60"]
[EventDate "2023.03.07"]
[EventType "swiss (blitz)"]
[EventRounds "11"]
[EventCountry "USA"]
[SourceTitle "EXT 2024"]
[Source "ChessBase"]
[SourceDate "2023.10.10"]
[SourceVersion "1"]
[SourceVersionDate "2023.10.10"]
[SourceQuality "1"]

1. e4 e5 2. Nf3 Nc6 3. Bc4 Bc5 4. c3 Nf6 5. d4 exd4 6. cxd4 Bb4+ 7. Nbd2 Bxd2+ 8. Bxd2 Nxe4 9. d5 Ne7 10. Be3 d6 11. 0-0 0-0 12. Bd3 Nc5 13. Bc2 Bf5 14. b4 Nd7 15. Bb3 Re8 16. Rc1 Nf6 17. Bg5 Ne4 18. Bh4 h6 19. Nd4 Bh7 20. Ba4 Rf8 21. Bxe7 Qxe7 22. Re1 Qg5 23. Nf3 Qf6 24. Rxc7 Rac8 25. Rxc8 Rxc8 26. Bc2 Nc3 27. Bxh7+ Kxh7 28. Qc2+ g6 29. h3 Kg7 30. Re3 Rc7 0-1

[Event "Titled Tuesday intern op 7th Mar Early"]
[Site "Chess.com INT"]
[Date "2023.03.07"]
[Round "3"]
[White "Petukhov, Dmitry"]
[Black "Acor, Corey B"]
[Result "1-0"]
[WhiteElo "2350"]
[BlackElo "2228"]
[PlyCount "67"]
[EventDate "2023.03.07"]
[EventType "swiss (blitz)"]
[EventRounds "11"]
[EventCountry "USA"]
[SourceTitle "EXT 2024"]
[Source "ChessBase"]
[SourceDate "2023.10.10"]
[SourceVersion "1"]
[SourceVersionDate "2023.10.10"]
[SourceQuality "1"]

1. e4 e5 2. Nf3 Nc6 3. Bb5 Nge7 4. 0-0 d6 5. c4 Bd7 6. Nc3 Ng6 7. d4 Be7 8. d5 Nb8 9. Qb3 c6 10. Ba4 Qc8 11. Be3 0-0 12. Rac1 c5 13. Bxd7 Nxd7 14. Ne2 f5 15. exf5 Rxf5 16. Ng3 Rxf3 17. gxf3 Nh4 18. Qd1 Nf8 19. Kh1 Qh3 20. Rg1 Nfg6 21. Nf1 Nf5 22. Ng3 Rf8 23. Qf1 Qh4 24. Ne4 Nd4 25. Rg4 Qh5 26. Bxd4 exd4 27. Qg2 Rf7 28. Rg1 Qe5 29. Ng5 Nf4 30. Nxf7 Nxg2 31. Nxe5 Nh4 32. Rxg7+ Kf8 33. Rf7+ Ke8 34. Rg8+ 1-0

[Event "Titled Tuesday intern op 28th Feb Early"]
[Site "Chess.com INT"]
[Date "2023.02.28"]
[Round "8"]
[White "Acor, Corey B"]
[Black "Md, Imran"]
[Result "1-0"]
[WhiteElo "2228"]
[BlackElo "2284"]
[PlyCount "65"]
[EventDate "2023.02.28"]
[EventType "swiss (blitz)"]
[EventRounds "11"]
[EventCountry "USA"]
[SourceTitle "CBM 213 Extra"]
[Source "ChessBase"]
[SourceDate "2023.05.31"]
[SourceVersion "1"]
[SourceVersionDate "2023.05.31"]
[SourceQuality "1"]

1. e4 c5 2. Nc3 Nc6 3. g3 e6 4. Bg2 Nf6 5. d3 d5 6. exd5 exd5 7. Nge2 Be7 8. 0-0 0-0 9. h3 Be6 10. Nf4 Qd7 11. Nce2 Bf5 12. g4 Bg6 13. g5 Nh5 14. Nxd5 Bd6 15. Nef4 Nxf4 16. Bxf4 Rad8 17. Re1 Bf5 18. Bxd6 Qxd6 19. Ne3 Be6 20. Qf3 Nd4 21. Qg3 Qb6 22. b3 Rfe8 23. Rad1 a5 24. Qf4 a4 25. c3 Nb5 26. Nc4 Qa7 27. Qc1 axb3 28. axb3 Qa2 29. Bxb7 Qxb3 30. Nd2 Qxc3 31. Bc6 Bd7 32. Qxc3 Nxc3 33. Bxd7 1-0

[Event "Titled Tuesday intern op 28th Feb Early"]
[Site "Chess.com INT"]
[Date "2023.02.28"]
[Round "4"]
[White "Aldokhin, Ivan"]
[Black "Acor, Corey B"]
[Result "1/2-1/2"]
[WhiteElo "2413"]
[BlackElo "2228"]
[PlyCount "72"]
[EventDate "2023.02.28"]
[EventType "swiss (blitz)"]
[EventRounds "11"]
[EventCountry "USA"]
[SourceTitle "CBM 213 Extra"]
[Source "ChessBase"]
[SourceDate "2023.05.31"]
[SourceVersion "1"]
[SourceVersionDate "2023.05.31"]
[SourceQuality "1"]

1. e4 e5 2. Nf3 Nc6 3. Bb5 Nge7 4. Nc3 d6 5. d4 Bd7 6. Bg5 h6 7. Be3 Ng6 8. Qd2 Be7 9. 0-0-0 a6 10. Bxc6 Bxc6 11. dxe5 dxe5 12. Nd5 Bxd5 13. Qxd5 Qxd5 14. Rxd5 Bd6 15. c4 b6 16. Bxb6 Nf4 17. Rdd1 0-0-0 18. Ba5 f5 19. exf5 e4 20. Nd4 Nd3+ 21. Rxd3 exd3 22. Ne6 Rd7 23. Bc3 Rg8 24. Rd1 Be7 25. f4 Bf6 26. Bxf6 gxf6 27. g3 h5 28. Kd2 h4 29. Rg1 hxg3 30. hxg3 Rh8 31. Rg2 Rh1 32. g4 Rb1 33. Ke3 Re1+ 34. Kd2 Rb1 35. Ke3 Re1+ 36. Kd2 Rb1 1/2-1/2

[Event "Titled Tuesday intern op 28th Feb Early"]
[Site "Chess.com INT"]
[Date "2023.02.28"]
[Round "1"]
[White "Buchenau, Frank"]
[Black "Acor, Corey B"]
[Result "0-1"]
[WhiteElo "2222"]
[BlackElo "2228"]
[PlyCount "88"]
[EventDate "2023.02.28"]
[EventType "swiss (blitz)"]
[EventRounds "11"]
[EventCountry "USA"]
[SourceTitle "CBM 213 Extra"]
[Source "ChessBase"]
[SourceDate "2023.05.31"]
[SourceVersion "1"]
[SourceVersionDate "2023.05.31"]
[SourceQuality "1"]

1. e4 e5 2. Bc4 Nf6 3. d3 c6 4. Nf3 d5 5. Bb3 Bb4+ 6. Bd2 Bd6 7. Nc3 Be6 8. 0-0 Nbd7 9. Re1 0-0 10. h3 Re8 11. Ng5 Rc8 12. Nxe6 fxe6 13. Bg5 Rf8 14. Nb1 Qb6 15. Be3 Nc5 16. Nd2 a5 17. a4 Qc7 18. Bg5 Qf7 19. Bh4 Qg6 20. Bg3 Nh5 21. Bh2 Nf4 22. Qg4 Qh6 23. Nf3 Rf6 24. Bxf4 Rxf4 25. Qg5 Qxg5 26. Nxg5 Rcf8 27. Nf3 g5 28. Re2 h6 29. Rae1 Kg7 30. exd5 exd5 31. Nxe5 Bxe5 32. Rxe5 Nxb3 33. cxb3 Rxf2 34. Re7+ R8f7 35. Rxf7+ Rxf7 36. Re8 Rf4 37. Re7+ Rf7 38. Re8 h5 39. Ra8 Rf4 40. Rxa5 Rb4 41. Kf2 Rxb3 42. Ke3 Rxb2 43. g4 hxg4 44. hxg4 Kf6 0-1

[Event "Titled Tuesday intern op 14th Feb Late"]
[Site "Chess.com INT"]
[Date "2023.02.14"]
[Round "7"]
[White "Acor, Corey B"]
[Black "Fiorito, Joaquin"]
[Result "1-0"]
[WhiteElo "2228"]
[BlackElo "2348"]
[PlyCount "95"]
[EventDate "2023.02.14"]
[EventType "swiss (blitz)"]
[EventRounds "11"]
[EventCountry "USA"]
[SourceTitle "CBM 212 Extra"]
[Source "ChessBase"]
[SourceDate "2023.03.31"]
[SourceVersion "1"]
[SourceVersionDate "2023.03.31"]
[SourceQuality "1"]

1. e4 c6 2. Nc3 d5 3. d3 g6 4. g3 Bg7 5. Bg2 dxe4 6. Nxe4 e5 7. Nf3 Ne7 8. 0-0 0-0 9. Re1 f6 10. d4 f5 11. Nc5 e4 12. Ng5 Rf6 13. c3 h6 14. Qb3+ Nd5 15. Nxb7 Qc7 16. Nxe4 fxe4 17. Nc5 Bf5 18. Nxe4 Bxe4 19. Rxe4 Nd7 20. c4 Rb8 21. Qc2 N5b6 22. Bf4 Qc8 23. Bxb8 Qxb8 24. Rae1 Kh7 25. b3 Qf8 26. Re7 Rf7 27. Re8 Qd6 28. c5 Qxd4 29. cxb6 axb6 30. R8e7 Rxe7 31. Rxe7 Ne5 32. Qe4 Qd1+ 33. Bf1 Qd6 34. Rb7 b5 35. h4 h5 36. Be2 Kh6 37. Kg2 Qc5 38. a4 bxa4 39. bxa4 Qa5 40. Re7 Qc5 41. Re6 Qc3 42. f4 Qb3 43. Rxe5 Bxe5 44. fxe5 Qe6 45. a5 Kg7 46. a6 c5 47. a7 Qxe5 48. Qxe5+ 1-0

[Event "Titled Tuesday intern op 14th Feb Late"]
[Site "Chess.com INT"]
[Date "2023.02.14"]
[Round "6"]
[White "Acor, Corey B"]
[Black "Paravyan, David"]
[Result "0-1"]
[WhiteElo "2228"]
[BlackElo "2586"]
[PlyCount "36"]
[EventDate "2023.02.14"]
[EventType "swiss (blitz)"]
[EventRounds "11"]
[EventCountry "USA"]
[SourceTitle "CBM 212 Extra"]
[Source "ChessBase"]
[SourceDate "2023.03.31"]
[SourceVersion "1"]
[SourceVersionDate "2023.03.31"]
[SourceQuality "1"]

1. e4 e5 2. Nc3 Nf6 3. g3 d5 4. exd5 Nxd5 5. Bg2 Nxc3 6. bxc3 Nc6 7. Nf3 Bc5 8. 0-0 0-0 9. Re1 Bg4 10. h3 Bh5 11. g4 Bg6 12. d3 e4 13. Nh2 exd3 14. cxd3 Bxd3 15. Qb3 Bxf2+ 16. Kxf2 Qh4+ 17. Ke3 Qxe1+ 18. Kxd3 Qg3+ 0-1

[Event "Titled Tuesday intern op 14th Feb Early"]
[Site "Chess.com INT"]
[Date "2023.02.14"]
[Round "3"]
[White "Nihal, Sarin"]
[Black "Acor, Corey B"]
[Result "1-0"]
[WhiteElo "2670"]
[BlackElo "2228"]
[PlyCount "85"]
[EventDate "2023.02.14"]
[EventType "swiss (blitz)"]
[EventRounds "11"]
[EventCountry "USA"]
[SourceTitle "CBM 212 Extra"]
[Source "ChessBase"]
[SourceDate "2023.03.31"]
[SourceVersion "1"]
[SourceVersionDate "2023.03.31"]
[SourceQuality "1"]

1. e4 e5 2. Nf3 Nc6 3. Bb5 Nge7 4. Nc3 d6 5. d4 Bd7 6. 0-0 Ng6 7. dxe5 dxe5 8. Nd5 Bc5 9. c3 a6 10. Bc4 0-0 11. b4 Bd6 12. Bg5 Qc8 13. Bb3 h6 14. Be3 Be6 15. Qd2 Kh7 16. c4 Bxd5 17. exd5 Bxb4 18. Qc2 Nce7 19. Nxe5 Nf5 20. Nxg6 fxg6 21. Bd2 Bc5 22. Qd3 Nd4 23. Be3 Qf5 24. Rad1 Qxd3 25. Rxd3 Ne2+ 26. Kh1 Nf4 27. Rdd1 Bxe3 28. fxe3 Nh5 29. e4 Nf6 30. e5 Ng4 31. e6 Nf2+ 32. Rxf2 Rxf2 33. c5 Re2 34. d6 cxd6 35. cxd6 Rd8 36. e7 Rxd6 37. Rc1 Rxe7 38. h4 b5 39. Kh2 h5 40. Rc8 Re5 41. Bg8+ Kh6 42. Bf7 g5 43. Rh8# 1-0

[Event "Titled Tuesday intern op 07th Feb Early"]
[Site "Chess.com INT"]
[Date "2023.02.07"]
[Round "4"]
[White "Acor, Corey B"]
[Black "Taboas Rodriguez, Daniel"]
[Result "1-0"]
[WhiteElo "2228"]
[BlackElo "2368"]
[PlyCount "67"]
[EventDate "2023.02.07"]
[EventType "swiss (blitz)"]
[EventRounds "11"]
[EventCountry "USA"]
[SourceTitle "EXT 2024"]
[Source "ChessBase"]
[SourceDate "2023.10.10"]
[SourceVersion "1"]
[SourceVersionDate "2023.10.10"]
[SourceQuality "1"]

1. e4 e5 2. Nc3 Nf6 3. g3 Nc6 4. Bg2 Bc5 5. d3 d6 6. Na4 Bg4 7. Nf3 Nd4 8. Nxc5 dxc5 9. h3 Bxf3 10. Bxf3 Qd6 11. Bg2 0-0-0 12. b3 h5 13. 0-0 h4 14. g4 Ne6 15. Qf3 Rdf8 16. Be3 Ng8 17. Rfd1 Ne7 18. c3 Nc6 19. a3 f6 20. b4 Rd8 21. Qf5 Kb8 22. bxc5 Nxc5 23. d4 Nb3 24. Rab1 Qxa3 25. Qe6 Nca5 26. dxe5 Rhe8 27. Rxd8+ Rxd8 28. exf6 gxf6 29. Qxf6 Qf8 30. e5 Qe8 31. g5 Nd2 32. Bxd2 Rxd2 33. g6 Re2 34. Qf3 1-0

[Event "Titled Tuesday intern op 07th Feb Early"]
[Site "Chess.com INT"]
[Date "2023.02.07"]
[Round "2"]
[White "Acor, Corey B"]
[Black "Tan, Jun Ying"]
[Result "0-1"]
[WhiteElo "2228"]
[BlackElo "2307"]
[PlyCount "44"]
[EventDate "2023.02.07"]
[EventType "swiss (blitz)"]
[EventRounds "11"]
[EventCountry "USA"]
[SourceTitle "EXT 2024"]
[Source "ChessBase"]
[SourceDate "2023.10.10"]
[SourceVersion "1"]
[SourceVersionDate "2023.10.10"]
[SourceQuality "1"]

1. e4 c5 2. Nc3 Nc6 3. g3 g6 4. Bg2 Bg7 5. d3 d6 6. Be3 e5 7. f4 Nge7 8. Nf3 0-0 9. fxe5 dxe5 10. Bxc5 Nd4 11. Qd2 Bg4 12. 0-0 Qc7 13. Ba3 f5 14. Nxd4 exd4 15. Nd5 Nxd5 16. exd5 Rfe8 17. Rae1 Be5 18. Qb4 Qxc2 19. Qxb7 Rab8 20. Qxa7 Ra8 21. Qb7 Rab8 22. Qc6 Qxd3 0-1

[Event "Titled Tuesday intern op 07th Feb Early"]
[Site "Chess.com INT"]
[Date "2023.02.07"]
[Round "1"]
[White "Baches Garcia, Guillermo"]
[Black "Acor, Corey B"]
[Result "0-1"]
[WhiteElo "2328"]
[BlackElo "2228"]
[PlyCount "52"]
[EventDate "2023.02.07"]
[EventType "swiss (blitz)"]
[EventRounds "11"]
[EventCountry "USA"]
[SourceTitle "EXT 2024"]
[Source "ChessBase"]
[SourceDate "2023.10.10"]
[SourceVersion "1"]
[SourceVersionDate "2023.10.10"]
[SourceQuality "1"]

1. e4 e5 2. Nf3 Nc6 3. Nc3 g6 4. d4 exd4 5. Nxd4 Bg7 6. Be3 d6 7. Qd2 Be6 8. Nxe6 fxe6 9. Bc4 Qe7 10. 0-0 Nf6 11. h3 a6 12. f4 0-0 13. f5 gxf5 14. exf5 d5 15. Bb3 Rad8 16. Bh6 Bxh6 17. Qxh6 Nd4 18. fxe6 c6 19. Rae1 Rd6 20. Ne2 Rxe6 21. Nxd4 Rxe1 22. Nf5 Rxf1+ 23. Kxf1 Ne4 24. g4 Ng3+ 25. Kg2 Nxf5 26. gxf5 Rxf5 0-1

[Event "Titled Tuesday intern op 10th Jan Early"]
[Site "Chess.com INT"]
[Date "2023.01.10"]
[Round "6"]
[White "Acor, Corey B"]
[Black "Kvaloy, Aksel Bu"]
[Result "1-0"]
[WhiteElo "2240"]
[BlackElo "2233"]
[PlyCount "73"]
[EventDate "2023.01.10"]
[EventType "swiss (blitz)"]
[EventRounds "11"]
[EventCountry "USA"]
[SourceTitle "EXT 2024"]
[Source "ChessBase"]
[SourceDate "2023.10.10"]
[SourceVersion "1"]
[SourceVersionDate "2023.10.10"]
[SourceQuality "1"]

1. e4 e5 2. Nc3 Nf6 3. g3 d5 4. exd5 c6 5. dxc6 Nxc6 6. Bg2 Bg4 7. f3 Bf5 8. d3 Bc5 9. Nh3 0-0 10. Nf2 Rc8 11. 0-0 Nd4 12. Kh1 b5 13. a3 a5 14. Nce4 Nxe4 15. Nxe4 Bb6 16. c3 Nc6 17. f4 Qd7 18. fxe5 Nxe5 19. d4 Nc4 20. Qf3 Be6 21. Ng5 a4 22. Nxe6 fxe6 23. Qe2 Rxf1+ 24. Bxf1 Rf8 25. Bh3 Qd5+ 26. Bg2 Qf5 27. Bf4 g5 28. Be3 Qg6 29. Re1 Kg7 30. Bc1 e5 31. dxe5 Rf2 32. Qd1 Qe6 33. Qd5 Qxd5 34. Bxd5 Nxb2 35. Bxg5 Kf8 36. e6 Ke8 37. Bc6+ 1-0

[Event "Titled Tuesday intern op 10th Jan Early"]
[Site "Chess.com INT"]
[Date "2023.01.10"]
[Round "2"]
[White "Andreev, Konstantin1"]
[Black "Acor, Corey B"]
[Result "0-1"]
[WhiteElo "2130"]
[BlackElo "2240"]
[PlyCount "54"]
[EventDate "2023.01.10"]
[EventType "swiss (blitz)"]
[EventRounds "11"]
[EventCountry "USA"]
[SourceTitle "EXT 2024"]
[Source "ChessBase"]
[SourceDate "2023.10.10"]
[SourceVersion "1"]
[SourceVersionDate "2023.10.10"]
[SourceQuality "1"]

1. e4 e5 2. Nf3 Nc6 3. Bc4 Bc5 4. c3 Nf6 5. d4 exd4 6. b4 Bb6 7. e5 Ne4 8. Bd5 Nxc3 9. Nxc3 dxc3 10. Bg5 Ne7 11. Bb3 0-0 12. 0-0 h6 13. Bh4 d6 14. exd6 cxd6 15. Re1 Re8 16. Qd3 Qc7 17. Bxe7 Rxe7 18. Bc2 g6 19. Nh4 Re5 20. Nxg6 Bf5 21. Qg3 Bxg6 22. h4 Kh7 23. Bb3 Rg8 24. h5 Rxh5 25. Qf3 Rf5 26. Qh3 Bxf2+ 27. Kh1 Rh5 0-1

[Event "Titled Tuesday intern op 06th Dec Early"]
[Site "Chess.com INT"]
[Date "2022.12.06"]
[Round "4"]
[White "Acor, Corey B"]
[Black "Omelja, Artem"]
[Result "1-0"]
[WhiteElo "2240"]
[BlackElo "2443"]
[PlyCount "95"]
[EventDate "2022.12.06"]
[EventType "swiss (blitz)"]
[EventRounds "11"]
[EventCountry "USA"]
[SourceTitle "CBM 211 Extra"]
[Source "ChessBase"]
[SourceDate "2023.01.31"]
[SourceVersion "1"]
[SourceVersionDate "2023.01.31"]
[SourceQuality "1"]

1. e4 c5 2. Nc3 a6 3. g3 b5 4. Bg2 Bb7 5. d3 e6 6. a3 Nc6 7. f4 d6 8. Nf3 g6 9. Be3 Bg7 10. d4 cxd4 11. Nxd4 Nge7 12. 0-0 0-0 13. Qd2 Qd7 14. Rad1 Rfd8 15. Nb3 Qe8 16. Bb6 Rd7 17. e5 Nc8 18. Be3 d5 19. g4 N8e7 20. Nc5 Rc7 21. Nxb7 Rxb7 22. b4 Rd8 23. Bc5 Nc8 24. Ne2 Nb6 25. Qe3 Nc4 26. Qh3 Bf8 27. Bxf8 Qxf8 28. Nd4 Nxd4 29. Rxd4 a5 30. c3 axb4 31. axb4 Ra8 32. f5 Nxe5 33. fxe6 Rd8 34. exf7+ Rxf7 35. Bxd5 Rxd5 36. Rxd5 Nf3+ 37. Kh1 Qe7 38. Rd3 Ne5 39. Rxf7 Qxf7 40. Re3 Qd5+ 41. Kg1 Qd1+ 42. Qf1 Qxg4+ 43. Rg3 Qf4 44. Qxf4 Nf7 45. Qe4 Kg7 46. Qd5 Nh6 47. Qxb5 Nf5 48. Qxf5 1-0

[Event "Titled Tuesday intern op 06th Dec Early"]
[Site "Chess.com INT"]
[Date "2022.12.06"]
[Round "1"]
[White "Acor, Corey B"]
[Black "Szyszylo, Rafal"]
[Result "1-0"]
[WhiteElo "2240"]
[BlackElo "2087"]
[PlyCount "133"]
[EventDate "2022.12.06"]
[EventType "swiss (blitz)"]
[EventRounds "11"]
[EventCountry "USA"]
[SourceTitle "CBM 211 Extra"]
[Source "ChessBase"]
[SourceDate "2023.01.31"]
[SourceVersion "1"]
[SourceVersionDate "2023.01.31"]
[SourceQuality "1"]

1. e4 d6 2. Nc3 Nf6 3. g3 g6 4. Bg2 Bg7 5. d3 0-0 6. f4 e5 7. Nf3 Re8 8. 0-0 c6 9. Kh1 h6 10. Be3 a6 11. fxe5 dxe5 12. h3 Nbd7 13. Qd2 Kh7 14. Rf2 Qe7 15. Raf1 b5 16. Nh2 Rf8 17. Rf3 Nh5 18. Qf2 b4 19. Na4 Bb7 20. Nc5 Rab8 21. Nxd7 Qxd7 22. Bc5 f5 23. Bxf8 Rxf8 24. exf5 gxf5 25. Rxf5 Rxf5 26. Be4 Kg8 27. Bxf5 Qxf5 28. Qxf5 Nxg3+ 29. Kg1 Nxf5 30. Rxf5 Bc8 31. Rf3 Be6 32. a3 a5 33. axb4 axb4 34. c3 bxc3 35. bxc3 Bd5 36. Re3 Kf7 37. Ng4 Ke6 38. Nxe5 Bxe5 39. d4 Kd6 40. Rxe5 Bf7 41. Kf2 Bg6 42. h4 Bf7 43. Ke3 Bg6 44. Kf4 Bd3 45. Rh5 c5 46. Rxc5 Bg6 47. Ra5 Ke7 48. Ra6 Kf7 49. Rxg6 Kxg6 50. d5 Kh5 51. Kg3 Kg6 52. c4 Kf5 53. c5 Ke5 54. c6 Kd6 55. Kg4 Kxd5 56. c7 Kc6 57. c8Q+ Kd6 58. Qf8+ Ke6 59. Qxh6+ Ke5 60. Qg5+ Ke6 61. h5 Kf7 62. h6 Kf8 63. h7 Kf7 64. h8Q Ke6 65. Qhh6+ Kf7 66. Qgg7+ Ke8 67. Qhh8# 1-0

[Event "Titled Tuesday intern op 06th Dec Early"]
[Site "Chess.com INT"]
[Date "2022.12.06"]
[Round "9"]
[White "Volkov, Maksim"]
[Black "Acor, Corey B"]
[Result "0-1"]
[WhiteElo "2350"]
[BlackElo "2240"]
[PlyCount "80"]
[EventDate "2022.12.06"]
[EventType "swiss (blitz)"]
[EventRounds "11"]
[EventCountry "USA"]
[SourceTitle "CBM 211 Extra"]
[Source "ChessBase"]
[SourceDate "2023.01.31"]
[SourceVersion "1"]
[SourceVersionDate "2023.01.31"]
[SourceQuality "1"]

1. d4 Nf6 2. c4 e5 3. dxe5 Ng4 4. e3 Nxe5 5. Nh3 Ng6 6. Nf4 Nc6 7. Nc3 Nxf4 8. exf4 Bc5 9. Qe2+ Be7 10. Be3 0-0 11. g3 Re8 12. Bg2 b6 13. 0-0 Bb7 14. Qd2 Rb8 15. Nd5 Bf8 16. Rad1 a5 17. a3 d6 18. Rfe1 Ne7 19. Qc3 Nf5 20. Bc1 c5 21. b3 Bxd5 22. Bxd5 g6 23. Rxe8 Qxe8 24. Re1 Qd7 25. Be3 Bg7 26. Qd2 a4 27. b4 Re8 28. Kg2 Bd4 29. Kf3 Re7 30. b5 Qe8 31. Bc6 Qf8 32. Re2 Qh6 33. h4 Qh5+ 34. Kg2 Bxe3 35. fxe3 Qg4 36. Qe1 Nxh4+ 37. Kf2 Nf5 38. Qg1 Qh3 39. Bf3 Qh6 40. Rd2 Qg7 0-1

[Event "Titled Tuesday intern op 15th Nov Early"]
[Site "Chess.com INT"]
[Date "2022.11.15"]
[Round "7"]
[White "Acor, Corey B"]
[Black "Besedes, Danilo"]
[Result "1-0"]
[WhiteElo "2240"]
[BlackElo "2302"]
[PlyCount "145"]
[EventDate "2022.11.15"]
[EventType "swiss (blitz)"]
[EventRounds "11"]
[EventCountry "USA"]
[SourceTitle "CBM 211 Extra"]
[Source "ChessBase"]
[SourceDate "2023.01.31"]
[SourceVersion "1"]
[SourceVersionDate "2023.01.31"]
[SourceQuality "1"]

1. e4 e6 2. d3 d5 3. Nd2 Nc6 4. g3 Nf6 5. Bg2 e5 6. Ngf3 Bc5 7. 0-0 0-0 8. b3 Re8 9. Bb2 a5 10. a3 Bg4 11. h3 Bh5 12. exd5 Nxd5 13. Re1 f6 14. Ne4 Bf8 15. Qd2 Qd7 16. g4 Bf7 17. d4 exd4 18. Nxd4 Rad8 19. Nxc6 Qxc6 20. Rad1 Be7 21. Ng3 Qc5 22. Qc1 c6 23. Nf5 Bf8 24. Rxe8 Rxe8 25. c4 Nc7 26. Rd7 Ne6 27. Rxb7 Ng5 28. Kf1 a4 29. Bd4 Qxa3 30. Qxa3 Bxa3 31. Bxc6 Rc8 32. Bxa4 Ne4 33. Ne7+ Bxe7 34. Rxe7 Nd2+ 35. Ke2 Nb1 36. Bb2 Rd8 37. Rd7 Rb8 38. Kd3 Bg6+ 39. Ke2 Bf7 40. Kd1 Bg6 41. Kc1 Re8 42. Rxg7+ Kxg7 43. Bxe8 Bxe8 44. Kxb1 Bc6 45. g5 Kf7 46. Bxf6 Bg2 47. h4 Ke6 48. Kc2 Kd6 49. Kc3 Kc5 50. b4+ Kc6 51. b5+ Kb6 52. Bd4+ Ka5 53. Kd3 Bf1+ 54. Kc3 Be2 55. Bf6 Bg4 56. Bd8+ Ka4 57. b6 Bf3 58. Kd4 Ka5 59. c5 Ka6 60. Be7 Kb7 61. Ke5 Kc6 62. Kf6 Be4 63. h5 Kd7 64. g6 hxg6 65. hxg6 Bd5 66. g7 Ke8 67. b7 Kd7 68. b8Q Bg8 69. Qd6+ Kc8 70. Qc6+ Kb8 71. Bd6+ Ka7 72. Qb6+ Ka8 73. Qb8# 1-0

[Event "Titled Tuesday intern op 15th Nov Early"]
[Site "Chess.com INT"]
[Date "2022.11.15"]
[Round "11"]
[White "Ambartsumova, Karina"]
[Black "Acor, Corey B"]
[Result "1-0"]
[WhiteElo "2399"]
[BlackElo "2240"]
[PlyCount "195"]
[EventDate "2022.11.15"]
[EventType "swiss (blitz)"]
[EventRounds "11"]
[EventCountry "USA"]
[SourceTitle "CBM 211 Extra"]
[Source "ChessBase"]
[SourceDate "2023.01.31"]
[SourceVersion "1"]
[SourceVersionDate "2023.01.31"]
[SourceQuality "1"]

1. Nf3 d6 2. d4 g6 3. g3 Bg7 4. Bg2 Nd7 5. 0-0 e5 6. c4 Ne7 7. Nc3 0-0 8. e4 f5 9. exf5 Nxf5 10. Bg5 Bf6 11. Bxf6 Qxf6 12. Nd5 Qd8 13. dxe5 Nxe5 14. Nxe5 dxe5 15. Re1 Qd6 16. Rc1 c6 17. c5 Qd8 18. Nc3 Nd4 19. Rxe5 Bf5 20. Bd5+ cxd5 21. Qxd4 Rf7 22. Rxd5 Qg5 23. Rd1 Raf8 24. Rd8 Bg4 25. Rxf8+ Rxf8 26. Qd5+ Qxd5 27. Rxd5 Bf3 28. Re5 Rd8 29. Re3 Bc6 30. f4 Rd4 31. Kf2 Kf7 32. a3 h5 33. Re5 Rd2+ 34. Re2 Rd4 35. Ke3 Rc4 36. Kd3 Rxc5 37. Re3 Rf5 38. h4 b6 39. Kd4 Rf6 40. b4 Rd6+ 41. Kc4 Rd2 42. b5 Bd7 43. Ne4 Rc2+ 44. Kb3 Rg2 45. a4 Be6+ 46. Kb4 Bd5 47. Nd6+ Kf6 48. Nc8 Rb2+ 49. Ka3 Ra2+ 50. Kb4 Rb2+ 51. Kc3 Ra2 52. Kd4 Be6 53. Nd6 Rxa4+ 54. Kc3 Ra3+ 55. Kd4 Ra4+ 56. Kc3 Ra1 57. Kd4 Bg4 58. Ne4+ Kg7 59. Nc3 Rc1 60. Ke5 Kf7 61. Kd6 Rc2 62. Kc7 Rc1 63. Kb7 Ra1 64. Nd5 Be6 65. Nc3 Bc4 66. Re4 Bd3 67. Rd4 Bf5 68. Kb8 Rc1 69. Rc4 Rg1 70. Rc7+ Ke6 71. Kxa7 Rxg3 72. Kxb6 Kd6 73. Rc6+ Kd7 74. Rc7+ Kd8 75. Rc5 Bd7 76. Nd5 Rg4 77. Nf6 Rxf4 78. Nxd7 Kxd7 79. Rd5+ Ke6 80. Kc6 Rxh4 81. b6 Rb4 82. Rb5 Rf4 83. b7 Rf8 84. b8Q Rxb8 85. Rxb8 Kf5 86. Kd5 h4 87. Rf8+ Kg4 88. Ke4 g5 89. Ke3 Kg3 90. Ke2 h3 91. Kf1 g4 92. Kg1 Kh4 93. Rh8+ Kg3 94. Rh7 Kf3 95. Kh2 Kf2 96. Rf7+ Ke3 97. Kg3 Ke4 98. Rg7 1-0

[Event "Titled Tuesday intern op 15th Nov Early"]
[Site "Chess.com INT"]
[Date "2022.11.15"]
[Round "1"]
[White "Zeydan, Salih"]
[Black "Acor, Corey B"]
[Result "0-1"]
[WhiteElo "2060"]
[BlackElo "2240"]
[PlyCount "46"]
[EventDate "2022.11.15"]
[EventType "swiss (blitz)"]
[EventRounds "11"]
[EventCountry "USA"]
[SourceTitle "CBM 211 Extra"]
[Source "ChessBase"]
[SourceDate "2023.01.31"]
[SourceVersion "1"]
[SourceVersionDate "2023.01.31"]
[SourceQuality "1"]

1. e4 e5 2. Nc3 Nf6 3. Bc4 Nc6 4. d3 Bc5 5. a3 d6 6. Be3 Bb6 7. Bxb6 axb6 8. Nge2 Be6 9. 0-0 0-0 10. f4 d5 11. exd5 Nxd5 12. Nxd5 Bxd5 13. Bxd5 Qxd5 14. fxe5 Nxe5 15. Nc3 Qd4+ 16. Kh1 Ng4 17. Qd2 Rfe8 18. Rf4 Qd7 19. Raf1 f6 20. Ne4 Kh8 21. h3 Ne5 22. Rh4 Ng6 23. Rh5 Rxe4 0-1